| 000 | 00719nam a2200229 4500 | ||
|---|---|---|---|
| 003 | OSt | ||
| 005 | 20240628082357.0 | ||
| 006 | a | ||
| 008 | 240628b |||||||| |||| 00| 0 eng d | ||
| 020 | _a9781412948593 | ||
| 040 |
_aDWCL-Main lib. _cOC |
||
| 082 |
_aCirc. 808.042 W994g 2007 _2Second edition |
||
| 100 | _aWyse, Dominic | ||
| 245 | _aThe good writing guide for education students / | ||
| 250 | _aSecond edition | ||
| 260 |
_aLondon : _bSage Pub. Ltd. , _cc2007. |
||
| 300 |
_axii, _b179 p. : ill. ; _c21 cm. |
||
| 504 | _aIncludes bibliographical references & index. | ||
| 650 | _a1. Written communication. | ||
| 650 | _a2. English language-written. | ||
| 942 |
_2ddc _n0 _cBK-CIRC _kCirc. _eSecond edition |
||
| 999 |
_c1616 _d1616 |
||